<?xml version="1.0" encoding="UTF-8"?>
<record
    xmlns:xsi="http://www.w3.org/2001/XMLSchema-instance"
    xsi:schemaLocation="http://www.loc.gov/MARC21/slim http://www.loc.gov/standards/marcxml/schema/MARC21slim.xsd"
    xmlns="http://www.loc.gov/MARC21/slim">

  <leader>02069nas a2200277Ia 4500</leader>
  <controlfield tag="001">R268-R6940</controlfield>
  <controlfield tag="003">IT-CnALBA</controlfield>
  <controlfield tag="008">170116c99999999xx ||||||||||||   ||und||</controlfield>
  <datafield tag="040" ind1=" " ind2=" ">
    <subfield code="a">IT-CnALBA</subfield>
    <subfield code="c">IT-CnALBA</subfield>
  </datafield>
  <datafield tag="041" ind1=" " ind2=" ">
    <subfield code="a">FRANCESE </subfield>
  </datafield>
  <datafield tag="100" ind1=" " ind2=" ">
    <subfield code="a">FOLLIET JOSEPH</subfield>
  </datafield>
  <datafield tag="210" ind1=" " ind2=" ">
    <subfield code="a">LUMEN VITAE</subfield>
  </datafield>
  <datafield tag="222" ind1=" " ind2=" ">
    <subfield code="a">LUMEN VITAE</subfield>
  </datafield>
  <datafield tag="245" ind1=" " ind2="0">
    <subfield code="a">LUMEN VITAE. VOL. XII. OTTOBRE-DICEMBRE 1957. RIVISTA INTERNAZIONALE FORMAZIONE RELIGIOSA. </subfield>
    <subfield code="b"> RIVISTA INTERNAZIONALE FORMAZIONE RELIGIOSA</subfield>
  </datafield>
  <datafield tag="250" ind1=" " ind2=" ">
    <subfield code="a">1a ed.</subfield>
  </datafield>
  <datafield tag="260" ind1=" " ind2=" ">
    <subfield code="a"> BRUXELLE</subfield>
    <subfield code="b">CENTRO INT. STUDI FORM. REL. </subfield>
    <subfield code="c">1957 [1&#xB0; Ed.:1957 - Ed.Ling.Originale: 1957]</subfield>
  </datafield>
  <datafield tag="300" ind1=" " ind2=" ">
    <subfield code="a">200 p. </subfield>
  </datafield>
  <datafield tag="310" ind1=" " ind2=" ">
    <subfield code="a">TRIMESTRALE</subfield>
  </datafield>
  <datafield tag="362" ind1=" " ind2=" ">
    <subfield code="a">Fascicolo: 4 / Anno: 11 (1957)</subfield>
  </datafield>
  <datafield tag="500" ind1=" " ind2=" ">
    <subfield code="a">APOSTOLATO DEI LAICI. CATECHESI DELL'INFANZIA. LARRAIN M. HOFINGER J. SCARIN A. DELCUVE G. VALENSIN A. RANWEZ P. CRONACA INTERNAZIONALE. BIBLIOGRAFIA. INDICE DEL VOL. XII. CONTRIBUTO IMPORTANTE AL RINNOVAMENTO KERIGMATICA DI J. HOFINGER. L'EDUCAZIONE E IL GESTO. COMUNICAZIONE DELLE IDEE RELIGIOSE AL FANCIULLO. MOVIMENTO CATECHISTICO IN FRANCIA. ESEMPIO D'APOSTOLATO DEI LAICI DEL MOVIMENTO DELLA FAMIGLIA DI ALBERTVILLE. L'APOSTOLATO CATECHETICO DEI PROFESSORI LAICI. LA CRESCITA DELLA VITA CRISTIANA DEI LAICI D'OGGI. VOCAZIONE DEI LAICI ALL'APOSTOLATO. ATTESE DEL MONDO D'OGGI. </subfield>
  </datafield>
  <datafield tag="501" ind1=" " ind2=" ">
    <subfield code="a">Societ&#xE0; San Paolo EM - Piazza San Paolo, 14 - 12051 ALBA (CN)  (non commercial uses only) &#xAE; Copyright 2017</subfield>
  </datafield>
  <datafield tag="520" ind1=" " ind2=" ">
    <subfield code="a">APOSTOLATO DEI LAICI. CATECHESI DELL'INFANZIA. LARRAIN M. HOFINGER J. SCARIN A. DELCUVE G. VALENSIN A. RANWEZ P. CRONACA INTERNAZIONALE. BIBLIOGRAFIA. INDICE DEL VOL. XII. CONTRIBUTO IMPORTANTE AL RINNOVAMENTO KERIGMATICA DI J. HOFINGER. L'EDUCAZIONE E IL GESTO. COMUNICAZIONE DELLE IDEE RELIGIOSE AL FANCIULLO. MOVIMENTO CATECHISTICO IN FRANCIA. ESEMPIO D'APOSTOLATO DEI LAICI DEL MOVIMENTO DELLA FAMIGLIA DI ALBERTVILLE. L'APOSTOLATO CATECHETICO DEI PROFESSORI LAICI. LA CRESCITA DELLA VITA CRISTIANA DEI LAICI D'OGGI. VOCAZIONE DEI LAICI ALL'APOSTOLATO. ATTESE DEL MONDO D'OGGI. </subfield>
  </datafield>
  <datafield tag="650" ind1=" " ind2=" ">
    <subfield code="a">CATECHESI</subfield>
  </datafield>
  <datafield tag="942" ind1=" " ind2=" ">
    <subfield code="c">CR</subfield>
  </datafield>
  <datafield tag="957" ind1=" " ind2=" ">
    <subfield code="7">1</subfield>
  </datafield>
  <datafield tag="999" ind1=" " ind2=" ">
    <subfield code="a">58506</subfield>
    <subfield code="b">NO</subfield>
    <subfield code="g">1</subfield>
    <subfield code="c">325533</subfield>
    <subfield code="d">325533</subfield>
  </datafield>
  <datafield tag="952" ind1=" " ind2=" ">
    <subfield code="0">0</subfield>
    <subfield code="1">0</subfield>
    <subfield code="4">0</subfield>
    <subfield code="6">R_268R6940</subfield>
    <subfield code="7">1</subfield>
    <subfield code="a">ALBA</subfield>
    <subfield code="b">ALBA</subfield>
    <subfield code="d">2017-01-16</subfield>
    <subfield code="l">0</subfield>
    <subfield code="o">R268-R6940</subfield>
    <subfield code="r">2017-01-16 00:00:00</subfield>
    <subfield code="w">2017-01-16</subfield>
    <subfield code="y">CR</subfield>
    <subfield code="z">(data import: 16 gennaio 2017) - By Epidotti, Vaglietti. </subfield>
  </datafield>
</record>
